00291nam a2200121Ia 45000030006000000080041000060400015000471000013000622450037000752600028001125460012001400050017001520STCL150530s9999 xx 000 0 und d aSTCLcSTCL aHawks,E. aMarvels and Mysteries of Science bHome library clubc1950 aEnglish20220125165812.0